Statistics for NFL MVP Race 2000-2023

Click here to take the quiz!

General Stats

  • This quiz has been taken 738 times
    (642 since last reset)
  • The average score is 78 of 96

Answer Stats

YearPositionAnswer% Correct
2018 MVPChiefs QBPatrick Mahomes
100%
2022 MVPChiefs QBPatrick Mahomes
100%
Runner-upChiefs QBPatrick Mahomes
100%
Runner-upEagles QBJalen Hurts
99%
Runner-upBengals QBJoe Burrow
99%
Runner-upBills QBJosh Allen
99%
Runner-upBills QBJosh Allen
99%
Runner-upVikings WRJustin Jefferson
98%
Runner-upPatriots QBTom Brady
98%
Runner-upPatriots QBTom Brady
98%
2007 MVPPatriots QBTom Brady
98%
Runner-upPatriots QBTom Brady
98%
Runner-upPatriots QBTom Brady
98%
Runner-upPatriots QBTom Brady
98%
Runner-upPatriots QBTom Brady
98%
2017 MVPPatriots QBTom Brady
98%
2010 MVPPatriots QBTom Brady
98%
Runner-upBuccaneers QBTom Brady
98%
2020 MVPPackers QBAaron Rodgers
97%
2021 MVPPackers QBAaron Rodgers
97%
2014 MVPPackers QBAaron Rodgers
97%
2011 MVPPackers QBAaron Rodgers
97%
Runner-upPackers QBAaron Rodgers
97%
Runner-upJaguars QBTrevor Lawrence
97%
Runner-upTitans RBDerrick Henry
96%
Runner-upSeahawks QBGeno Smith
96%
Runner-upChargers QBJustin Herbert
96%
Runner-up49ers DENick Bosa
96%
Runner-upDolphins WRTyreek Hill
96%
Runner-upSaints QBDrew Brees
95%
Runner-upSaints QBDrew Brees
95%
Runner-upSaints QBDrew Brees
95%
Runner-upSaints QBDrew Brees
95%
Runner-upBears QBJustin Fields
95%
Runner-upDolphins QBTua Tagovailoa
95%
2019 MVPRavens QBLamar Jackson
94%
Runner-upEagles WRA.J. Brown
93%
2009 MVPColts QBPeyton Manning
93%
Runner-upBroncos QBPeyton Manning
93%
2013 MVPBroncos QBPeyton Manning
93%
2004 MVPColts QBPeyton Manning
93%
Runner-upColts QBPeyton Manning
93%
Runner-upColts QBPeyton Manning
93%
2008 MVPColts QBPeyton Manning
93%
2003 Co-MVPColts QBPeyton Manning
93%
Runner-upColts QBPeyton Manning
93%
Runner-upCowboys LBMicah Parsons
92%
Runner-upRams WRCooper Kupp
91%
Runner-upTexans DEJ.J Watt
91%
2016 MVPFalcons QBMatt Ryan
91%
2015 MVPPanthers QBCam Newton
90%
Runner-upEagles QBCarson Wentz
90%
Runner-upCowboys RBEzekiel Elliott
90%
Runner-upVikings RBAdrian Peterson
89%
2012 MVPVikings RBAdrian Peterson
89%
Runner-upCowboys QBDak Prescott
89%
Runner-upRaiders QBDerek Carr
89%
Runner-upChargers QBPhilip Rivers
88%
Runner-upChargers QBPhilip Rivers
88%
Runner-upCowboys QBTony Romo
88%
Runner-upPackers QBBrett Favre
87%
Runner-upPackers QBBrett Favre
87%
Runner-upVikings QBBrett Favre
87%
Runner-upPackers QBBrett Favre
87%
Runner-upRams RBTodd Gurley
86%
Runner-upCardinals QBCarson Palmer
79%
Runner-upBengals QBCarson Palmer
79%
Runner-upSeahawks LBBobby Wagner
77%
2006 MVPChargers RBLaDainian Tomlinson
77%
Runner-upCardinals QBKurt Warner
76%
2001 MVPRams QBKurt Warner
76%
Runner-upCowboys RBDeMarco Murray
71%
Runner-upFalcons QBMichael Vick
68%
Runner-upFalcons QBMichael Vick
68%
Runner-upRavens LBRay Lewis
68%
Runner-upRavens LBRay Lewis
68%
Runner-upRavens RBJamal Lewis
67%
2005 MVPSeahawks RBShaun Alexander
65%
2000 MVPRams RBMarshall Faulk
61%
Runner-upRams RBMarshall Faulk
61%
Runner-upTitans RBChris Johnson
59%
Runner-upEagles QBDonovan McNabb
56%
2003 Co-MVPTitans QBSteve McNair
53%
Runner-upTitans QBSteve McNair
53%
2002 MVPRaiders QBRich Gannon
49%
Runner-upRaiders QBRich Gannon
49%
Runner-upGiants RBTiki Barber
48%
Runner-upBears LBBrian Urlacher
42%
Runner-upChiefs RBPriest Holmes
42%
Runner-upChiefs RBPriest Holmes
42%
Runner-upSteelers LBJames Harrison
39%
Runner-upTitans RBEddie George
34%
Runner-upBuccaneers LBDerrick Brooks
32%
Runner-upJets QBChad Pennington
25%
Runner-upFalcons RBMichael Turner
22%
Runner-upSteelers QBKordell Stewart
20%

Score Distribution

Percentile by Number Answered

Percent of People with Each Score

Your Score History

You have not taken this quiz since the last reset